000 03275cam a2200313 4500500
005 20260208003218.0
041 _afre
042 _adc
100 1 0 _ade La Rochefoucauld, Marin
_eauthor
700 1 0 _aChader, Adnane
_eauthor
700 1 0 _aDumazert, Jean-Pierre
_eauthor
245 0 0 _aFrom Crisis to Catalyst : How labor shortages are reshaping social dialogue and HRM in the Transport Sector
260 _c2026.
500 _a87
520 _aFacing major labor shortages, social dialogue in the transport sector is undergoing radical changes. This context calls for a reinvention of practices, where employers and employees collaborate not only to respond to emergencies but also to lay the foundations for sustainable industrial relations. This article explores how this crisis becomes an opportunity to transform social and organizational dynamics. Using a qualitative methodology that combines interviews, observations, and documentary analysis, our study contributes to an understanding of the transformations of social dialogue in the context of labor shortages. It highlights the role of shortages as a catalyst for change, overturning traditional industrial relations logic and paving the way for more collaborative and pragmatic dynamics. However, the results of our research suggest that we should qualify the extent and durability of these changes by highlighting the tensions inherent in crisis contexts and the structural difficulties that hinder in-depth transformation.
520 _aDans un contexte de pénurie importante de main-d’œuvre, le dialogue social dans le secteur des transports connaît des mutations profondes. Cette situation appelle à une réinvention des pratiques, où employeurs et salariés collaborent non seulement pour répondre aux urgences, mais aussi pour jeter les bases de relations industrielles durables. Cet article explore comment cette crise devient une opportunité pour transformer les dynamiques sociales et organisationnelles. À l’aide d’une méthodologie qualitative combinant entretiens, observations et analyse documentaire, notre étude contribue à la compréhension des transformations du dialogue social dans un contexte de pénurie de main-d’œuvre. Elle met en évidence le rôle des pénuries comme catalyseur de changement, bouleversant la logique traditionnelle des relations industrielles et ouvrant la voie à des dynamiques plus collaboratives et pragmatiques. Cependant, les résultats de notre recherche suggèrent de nuancer l’ampleur et la durabilité de ces changements en soulignant les tensions inhérentes aux contextes de crise et les difficultés structurelles qui entravent une transformation en profondeur.
690 _aconsultation collective
690 _adialogue social
690 _aespaces de discussion
690 _aGRH
690 _apénurie de main-d’œuvre
690 _acollective consultation
690 _adiscussion forums
690 _aHRM
690 _alabor shortage
690 _asocial dialogue
786 0 _nRevue de gestion des ressources humaines | 138 | 4 | 2026-01-16 | p. 65-80 | 1163-913X
856 4 1 _uhttps://shs.cairn.info/revue-revue-de-gestion-des-ressources-humaines-2025-4-page-65?lang=en&redirect-ssocas=7080
999 _c1647311
_d1647311